| 000 | 00538 a2200157 4500 | ||
|---|---|---|---|
| 999 |
_c1581 _d1581 |
||
| 020 | _a9780765624949 | ||
| 050 | _aHD 75.6 HAC 2010 | ||
| 100 | _aHackett, Steven C. | ||
| 245 |
_aEnvironmental and natural resources economics _btheory,policy and the sustainable society / _cSteven C Hackett |
||
| 250 | _a4 th ed. | ||
| 264 |
_aLondon _bRoutledge _c2010 |
||
| 300 | _axix,475p. | ||
| 500 | _aincludes index | ||
| 650 | _aEnvironmental economics--- Environmental policy---- Sustainable development | ||
| 942 |
_2lcc _cBK _e4th ed. _h75.6 _iHAC _kHD |
||